100 người Do Thái nổi tiếng = The Jewish 100 ( A ranking of the most influential Jews of all time )
Uloženo v:
| Hlavní autor: | |
|---|---|
| Médium: | Kniha |
| Jazyk: | Undetermined |
| Vydáno: |
H.
Lao Động
2003
|
| Témata: | |
| Tagy: |
Přidat tag
Žádné tagy, Buďte první, kdo otaguje tento záznam!
|
| Thư viện lưu trữ: | Trung tâm Học liệu Trường Đại học Cần Thơ |
|---|
| LEADER | 00665nam a2200217Ia 4500 | ||
|---|---|---|---|
| 001 | CTU_59580 | ||
| 008 | 210402s9999 xx 000 0 und d | ||
| 020 | |b 65000 | ||
| 082 | |a 920.009224 | ||
| 082 | |b S241 | ||
| 100 | |a Michael Shapiro | ||
| 245 | 0 | |a 100 người Do Thái nổi tiếng = | |
| 245 | 4 | |b The Jewish 100 ( A ranking of the most influential Jews of all time ) | |
| 245 | 0 | |c Michael Shapiro; Nguyễn Văn Hạnh biên dịch | |
| 260 | |a H. | ||
| 260 | |b Lao Động | ||
| 260 | |c 2003 | ||
| 650 | |a celebrities,jews | ||
| 650 | |x biography,biography | ||
| 904 | |i Minh | ||
| 980 | |a Trung tâm Học liệu Trường Đại học Cần Thơ | ||